Palworld - All Pals (February 2024) - Statistics

General Stats
  • This quiz has been taken 218 times
  • The average score is 40 of 137
Answer Stats
Paldeck Number Pal % Correct
001 Lamball
79%
002 Cattiva
71%
100 Anubis
64%
003 Chikipi
63%
090 Mammorest
57%
011 Penking
56%
111 Jetragon
55%
005 Foxparks
54%
103 Grizzbolt
54%
010 Pengullet
49%
008 Tanzee
48%
055 Chillet
47%
017 Depresso
46%
004 Lifmunk
46%
085 Relaxaurus
46%
101 Jormuntide
45%
072 Bushi
43%
018 Daedream
42%
101b Jormuntide Ignis
42%
006 Fuack
41%
090b Mammorest Cryst
41%
038 Nitewing
41%
110 Frostallion
39%
089 Kingpaca
39%
085b Relaxaurus Lux
39%
071 Vanwyrm
39%
026 Direhowl
38%
069 Lovander
38%
068 Tombat
38%
075 Katress
37%
007 Sparkit
37%
033 Mossanda
36%
050 Beegarde
35%
064 Dinossom
35%
012 Jolthog
35%
104 Lyleen
35%
036 Melpaca
35%
108 Paladius
35%
014 Vixy
35%
098 Astegon
34%
051 Elizabee
34%
029 Mozzarina
34%
048 Robinquill
34%
071b Vanwyrm Cryst
34%
067 Digtoise
33%
012b Jolthog Cryst
33%
033b Mossanda Lux
33%
109 Necromus
33%
107 Shadowbeak
33%
102 Suzaku
33%
073 Beakon
32%
013 Gumoss
32%
024 Mau
32%
024b Mau Cryst
32%
037 Eikthyrdeer
31%
105 Faleris
31%
110b Frostallion Noct
31%
021 Nox
31%
076 Wixen
31%
064b Dinossom Lux
30%
053 Swee
30%
091 Wumpo
30%
084 Blazehowl
29%
025 Celaray
29%
058 Pyrin
29%
058b Pyrin Noct
28%
009 Rooby
28%
020 Rushoar
28%
054 Sweepa
28%
043 Dumud
27%
081 Kelpsea
27%
065 Surfent
27%
096 Blazamut
26%
031 Gobfin
26%
074 Ragnahawk
26%
102b Suzaku Aqua
26%
056 Univolt
26%
042 Arsox
25%
082 Azurobe
25%
084b Blazehowl Noct
25%
086 Broncherry
25%
047 Galeclaw
25%
081b Kelpsea Ignis
25%
045 Leezpunk
25%
048b Robinquill Terra
25%
091b Wumpo Botan
25%
015 Hoocrates
24%
016 Teafant
24%
031b Gobfin Ignis
23%
045b Leezpunk Ignis
23%
106 Orserk
23%
077 Verdash
23%
086b Broncherry Aqua
22%
037b Eikthyrdeer Terra
22%
097 Helzephyr
22%
040 Incineram
22%
104b Lyleen Noct
22%
095 Quivern
22%
088 Reptyro
22%
065b Surfent Terra
22%
092 Warsect
22%
041 Cinnamoth
21%
070 Flambelle
21%
063 Lunaris
21%
060 Rayhound
21%
022 Fuddler
20%
040b Incineram Noct
20%
061 Kitsun
20%
087 Petallia
20%
027 Tocotoco
20%
093 Fenglope
19%
028 Flopie
19%
032 Hangyu
18%
059 Reindrix
18%
039 Ribunny
18%
034 Woolipop
18%
030 Bristla
17%
062 Dazzi
17%
035 Caprity
16%
083 Cryolinx
16%
049 Gorirat
16%
046 Loupmoon
16%
099 Menasting
16%
080 Elphidran
15%
032b Hangyu Cryst
15%
066 Maraith
15%
078 Vaelet
15%
094 Felbat
13%
057 Foxcicle
13%
052 Grintale
13%
023 Killamari
13%
079 Sibelyx
13%
018 Cremiss
10%
080b Elphidran Aqua
10%
089b Ice Kingpaca
7%
088b Ice Reptyro
5%
044 Cawginto
3%
No matching quizzes found
Score Distribution
Percent of People with Each Score
Percentile by Number Answered
Your Score History
You have not taken this quiz